[Event "AUTO-OPEN-865"]
[Site "http://www.queenalice.com/game.php?id=388481"]
[Date "2008.4.16"]
[Round "3"]
[White "AprendizdeXadrez"]
[Black "MGimenes"]
[Result "1-0"]
[WhiteElo "1479"]
[BlackElo "1846"]

1. e4 e6 2. d4 d5 3. Qd3 dxe4 4. Qxe4 Nf6 5. Qd3 Nc6 6. c3 b6 7. Qb5 Qd5 8. Nf3
Bb7 9. Qxd5 Nxd5 10. Bb5 Bd6 11. O-O O-O 12. Ng5 h6 13. Nf3 a6 14. Bxc6 Bxc6 15.
Nbd2 Rfe8 16. Ne4 Rac8 17. g3 Nxc3 18. Nxd6 Ne2+ 19. Kg2 cxd6 20. Re1 Bxf3+ 21.
Kxf3 Nxd4+ 22. Kg2 Nc2 23. Bf4 Nxa1 24. Rxa1 d5 25. Rd1 Rc2 26. Be5 Rc4 27. b3
Rc2 28. a4 Rec8 29. Bf4 Rb2 30. Rd3 Rcc2 31. Be3 1-0

[Event "AUTO-OPEN-865"]
[Site "http://www.queenalice.com/game.php?id=388482"]
[Date "2008.4.16"]
[Round "3"]
[White "MGimenes"]
[Black "AprendizdeXadrez"]
[Result "1-0"]
[WhiteElo "1969"]
[BlackElo "1483"]

1. d4 e6 2. c4 Qf6 3. Nf3 h6 4. Nc3 Bb4 5. Bf4 Qxf4 6. e3 Qf6 7. Qb3 Nc6 8. Be2
a5 9. O-O a4 10. Qc2 a3 11. b3 h5 12. Ne4 Qf5 13. Bd3 Qa5 14. c5 Nf6 15. Nfg5
Nxe4 16. Bxe4 Bc3 17. Rac1 Bb2 18. Bg6 Bxc1 19. Rxc1 fxg6 20. Qxg6+ Ke7 21.
Qxg7+ Ke8 22. Qxh8+ Ke7 23. Qh7+ Ke8 24. Qg8+ Ke7 25. Qf7+ Kd8 26. Qf8# 1-0

[Event "AUTO-OPEN-865"]
[Site "http://www.queenalice.com/game.php?id=388483"]
[Date "2008.4.16"]
[Round "3"]
[White "AprendizdeXadrez"]
[Black "Spike"]
[Result "0-1"]
[WhiteElo "1481"]
[BlackElo "2159"]

1. e4 e6 2. d4 d5 3. e5 c5 4. Nf3 cxd4 5. Qxd4 Nc6 6. Qh4 Qxh4 7. Nxh4 Nxe5 8.
Bb5+ Bd7 9. Bxd7+ Kxd7 10. Nc3 Be7 11. Bf4 Nc4 12. b3 Na3 13. O-O-O Bxh4 14. Be5
f6 15. Bd4 Rc8 16. g3 Bg5+ 17. f4 e5 18. fxg5 exd4 19. Rxd4 Rxc3 20. Kb2 Nxc2
21. Rxd5+ Kc6 22. Kxc3 Kxd5 23. gxf6 Nxf6 24. Kxc2 Rc8+ 25. Kb2 Rc7 26. Rd1+ Ke4
27. Re1+ Kf3 28. a4 Ne4 29. Rf1+ Kg2 30. Rf4 Nf2 31. Rh4 h6 32. g4 Nh3 33. Rh5
Kxh2 34. b4 Kg3 35. b5 Kxg4 36. Re5 g5 37. a5 h5 38. Kb3 Nf4 39. b6 axb6 40.
axb6 Rc6 41. Rb5 h4 42. Ka4 h3 43. Rb2 Nd5 44. Kb5 Rxb6+ 45. Kc5 Rxb2 46. Kxd5
h2 47. Ke5 h1=Q 48. Kf6 Re2 49. Kg6 Qc6+ 50. Kf7 Qe8+ 51. Kf6 Re6+ 52. Kg7 Qg6+
53. Kf8 Re8# 0-1

[Event "AUTO-OPEN-865"]
[Site "http://www.queenalice.com/game.php?id=388484"]
[Date "2008.4.16"]
[Round "3"]
[White "Spike"]
[Black "AprendizdeXadrez"]
[Result "1-0"]
[WhiteElo "2157"]
[BlackElo "1485"]

1. e4 e5 2. f4 exf4 3. Nf3 f6 4. d4 d5 5. exd5 Qxd5 6. Bxf4 Qe4+ 7. Qe2 Qxe2+ 8.
Bxe2 c6 9. Kf2 Bf5 10. c3 Ne7 11. Nbd2 Nd5 12. Bg3 c5 13. Rhe1 cxd4 14. Nxd4 Bc5
15. Ba6+ Kf7 16. Bxb7 Nd7 17. Bxd5+ Kg6 18. Bxa8 Bxd4+ 19. cxd4 Rxa8 20. Nf3 Rb8
21. Bxb8 a5 22. Nh4+ Kg5 23. Nxf5 Kxf5 24. Bc7 a4 25. Kf3 h5 26. b3 axb3 27.
axb3 Nf8 28. Ra5+ Kg6 29. Re8 Kf7 30. Rxf8+ Kxf8 31. Kf4 g5+ 32. Kf5 Kf7 33. Ra6
g4 34. Rxf6+ Kg7 35. Kg5 h4 36. d5 g3 37. hxg3 hxg3 38. d6 Kg8 39. Kg6 Kh8 40.
Rf8# 1-0

[Event "Challenge"]
[Site "http://www.queenalice.com/game.php?id=581340"]
[Date "2009.5.2"]
[Round "-"]
[White "AprendizdeXadrez"]
[Black "SGF"]
[Result "0-1"]
[WhiteElo "1519"]
[BlackElo "1595"]

1. d4 Nc6 2. g3 d5 3. Bh3 Nf6 4. e3 e5 5. Ke2 exd4 6. g4 Nxg4 7. Na3 dxe3 8.
fxe3 Qf6 9. Bxg4 Bxg4+ 10. Nf3 Bxf3+ 11. Ke1 Bxd1 12. Kxd1 Qf3+ 13. Kd2 Qxh1 14.
Kc3 Qxh2 15. Bd2 Bb4+ 16. Kb3 Qxd2 17. Rf1 Qxe3+ 18. Ka4 b5+ 19. Kxb5 Qb6+ 20.
Ka4 Nd4 21. Nc4 Qb5# 0-1

[Event "AUTO-INT-1291"]
[Site "http://www.queenalice.com/game.php?id=581521"]
[Date "2009.5.2"]
[Round "1"]
[White "Reginato"]
[Black "AprendizdeXadrez"]
[Result "0-1"]
[WhiteElo "1456"]
[BlackElo "1500"]

1. d4 Nc6 2. e4 e6 3. d5 Ne5 4. f4 Ng6 5. Bd3 Qh4+ 6. g3 Qh6 7. f5 Nf4 8. Bxf4
Qf6 9. Nc3 Bd6 10. Bxd6 cxd6 11. Nb5 Qe7 0-1

[Event "AUTO-INT-1291"]
[Site "http://www.queenalice.com/game.php?id=581522"]
[Date "2009.5.2"]
[Round "1"]
[White "AprendizdeXadrez"]
[Black "Reginato"]
[Result "1-0"]
[WhiteElo "1485"]
[BlackElo "1471"]

1. e4 e5 2. Qh5 Qf6 3. Nf3 d6 4. Bb5+ Bd7 5. Bxd7+ Nxd7 6. b3 h6 7. O-O g6 8.
Qg4 Be7 9. Ne1 h5 10. Qe2 a6 11. Qc4 c6 12. Nf3 1-0

[Event "AUTO-INT-1291"]
[Site "http://www.queenalice.com/game.php?id=581535"]
[Date "2009.5.2"]
[Round "1"]
[White "jumping"]
[Black "AprendizdeXadrez"]
[Result "1-0"]
[WhiteElo "1689"]
[BlackElo "1497"]

1. e4 e5 2. Nf3 d6 3. Bc4 Qf6 4. O-O Na6 5. Bxa6 bxa6 6. d4 Bb7 7. Bg5 Qg6 8.
Nc3 Qe6 9. Nd5 Rc8 10. c4 f6 11. Bh4 Kd8 12. dxe5 dxe5 13. Nb6+ Ke7 14. Nxc8+
Bxc8 15. Rc1 1-0

[Event "AUTO-INT-1291"]
[Site "http://www.queenalice.com/game.php?id=581536"]
[Date "2009.5.2"]
[Round "1"]
[White "AprendizdeXadrez"]
[Black "jumping"]
[Result "0-1"]
[WhiteElo "1506"]
[BlackElo "1680"]

1. e4 e5 2. Bb5 a6 3. Ne2 axb5 4. d3 Nf6 5. Nbc3 Bb4 6. Bg5 d5 7. f3 dxe4 8.
fxe4 Bg4 9. h3 Bxe2 10. Kxe2 Bxc3 11. bxc3 h6 12. Bh4 O-O 13. Rf1 Nbd7 14. Rb1
c6 0-1

[Event "AUTO-OPEN-1577"]
[Site "http://www.queenalice.com/game.php?id=597892"]
[Date "2009.6.3"]
[Round "1"]
[White "Harir"]
[Black "AprendizdeXadrez"]
[Result "1-0"]
[WhiteElo "2218"]
[BlackElo "1489"]

1. e4 e5 2. Nf3 Qf6 3. Bc4 Nh6 4. O-O Bb4 5. c3 Bc5 6. d3 O-O 7. Bg5 Qd6 8. d4
Bb6 9. Nxe5 a6 10. Bd5 Ra7 11. Qh5 Re8 12. Bxf7+ Nxf7 13. Qxf7+ Kh8 14. Qxe8+
Qf8 15. Qxf8# 1-0

[Event "AUTO-OPEN-1577"]
[Site "http://www.queenalice.com/game.php?id=597893"]
[Date "2009.6.3"]
[Round "1"]
[White "AprendizdeXadrez"]
[Black "Harir"]
[Result "0-1"]
[WhiteElo "1487"]
[BlackElo "2223"]

1. Nc3 e5 2. Nf3 Nc6 3. e4 Bc5 4. Qe2 Nf6 5. g3 O-O 6. Qc4 d6 7. d3 Nb4 8. Kd2
Ng4 9. Ke1 Nxc2+ 10. Kd1 Nxa1 11. h3 Nxf2+ 12. Ke1 Nc2+ 13. Kd2 Ne3 14. d4 Nxc4+
15. Kc2 exd4 16. Rh2 Ne3+ 17. Kd2 Nxf1+ 0-1